| 000 | 00487nam a2200181Ia 4500 | ||
|---|---|---|---|
| 001 | 13128 | ||
| 005 | 20260306163031.0 | ||
| 008 | 260306t2014||||xx |||||||||||||| ||spa|| | ||
| 041 | _aESP | ||
| 082 |
_aRM 507 _b2012-2013 C265 |
||
| 100 |
_aConsejo Nacional de Ciencia Tecnología e Innovación Tecnológica _eAUT |
||
| 245 | 0 | _aCONCYTEC nuevos tiempos para CTI | |
| 260 | _c2014 | ||
| 300 |
_a92 páginas : _c29 cm. |
||
| 650 | _aGEN | ||
| 654 | _aCCN | ||
| 942 |
_cLIB _dJUS _fJUS _2ddc _n |
||
| 999 |
_c13128 _d13128 |
||